01648nab a2200409 i 450000100060000000300080000600500170001400600190003100700150005000800410006502200140010603500210012004000310014105000210017208000100019308200140020310000200021724501940023726400470043130000430047831000150052133600310053633700330056733800430060036200360064354600610067958801220074059001640086265000190102665000210104565500320106670000190109877300230111779700190114085600620115999900170122145423FlNmELB20241216231710.0m o d | cr cnu||||||||140501c20079999ve qr p o 0 b0spa d a1315-2076 a(OCoLC)949111648 aFINmELBbspaerdacFINmELB 4aQA911bR196 2007 a532.50 a532.52231 aRangel, Rafael.10aEfectos de la mojabilidad o adherencia en el desplazamiento inestable entre dos fluidos inmiscibles en un medio poroso vía simulaciones montecarlo tipo DLA /cRafael Rangel, Sergio Rojas. 1aMaracaibo :bUniversidad del Zulia,c2007. a1 recurso en línea (77-85 páginas) aTrimestral atextobtxt2rdacontent/spa acomputadorabc2rdamedia/spa arecurso en líneabcr2rdacarrier/spa0 aVolumen 15, número 1 (2007) - aTexto en español, resúmenes en español e inglés. aDescripción basada en recurso en línea; Título de la página del título en PDF (e-libro, visto May 1, 2014). aRecurso electrónico. Santa Fe, Arg.: e-libro, 2015. Disponible vía World Wide Web. El acceso puede estar limitado para las bibliotecas afiliadas a e-libro. 0aHydrodynamics. 4aHidrodinámica. 4aArtículos electrónicos.1 aRojas, Sergio.0 tCienciax1315-20762 ae-libro, Corp.40uhttps://elibro.net/ereader/politecnicointernacional/16584 c45423d45423